Semana Santa: manual de los fieles
Gespeichert in:
| Körperschaft: | |
|---|---|
| Format: | Buch |
| Sprache: | Spanisch |
| Veröffentlicht: |
Santiago
San Pablo
2002
|
| Ausgabe: | 5a. ed |
| Schriftenreihe: | Colección Sbsidios Litúrgicos
|
| Schlagworte: | |
| Tags: |
Tag hinzufügen
Keine Tags, Fügen Sie den ersten Tag hinzu!
|
MARC
| LEADER | 00000cam a2200000 a 4500 | ||
|---|---|---|---|
| 001 | UCC6828 | ||
| 003 | CL-VaPUC | ||
| 008 | 190111e20020000cl |||||||||||||||||spa|d | ||
| 020 | |a 956256178X | ||
| 082 | 0 | 4 | |a 242.35 |b COM |2 21 |
| 110 | 2 | |a Comisión Nacional de Liturgia |e author |9 601347 | |
| 245 | 1 | 0 | |a Semana Santa: manual de los fieles |
| 250 | |a 5a. ed | ||
| 300 | |a 144 p | ||
| 942 | |c BK | ||
| 945 | |d 20190111 14:04:00 |a dcastane | ||
| 260 | |a Santiago |b San Pablo |c 2002 | ||
| 650 | 7 | |a EVANGELIZACION |2 CL-VaPUC |9 601348 | |
| 650 | 0 | |a Semana Santa |9 399216 | |
| 650 | 7 | |a LITERATURA PIADOSA |2 CL-VaPUC |9 467509 | |
| 650 | 0 | |a Literatura religiosa |9 266283 | |
| 583 | |a last modification |c 20190111 14:04:00 |k Rodrigo Vera | ||
| 490 | 0 | |a Colección Sbsidios Litúrgicos | |
| 999 | |c 373678 |d 373676 | ||
| 952 | |0 0 |1 0 |3 erb |4 0 |6 242_350000000000000_COM_2002 |7 0 |8 A |9 491887 |a BIBTEO |b BIBTEO |i 5528607 |o 242.35 COM 2002 |p 5528607 |r 2025-01-17 |w 2019-11-24 |y BK |z Catalogado en:20190111 |k ICR | ||